[Event "Women's Speed Chess Q3"]
[Site "chess.com INT"]
[Date "2021.05.30"]
[Round "20"]
[White "Mendoza, Shania Mae"]
[Black "Jakubowska, Anna"]
[Result "0-1"]
[WhiteTitle "WFM"]
[BlackTitle "WIM"]
[WhiteElo "2158"]
[BlackElo "2073"]
[WhiteFideId "5211158"]
[BlackFideId "1121952"]
[EventDate "2021.05.30"]

1. e4 c6 2. d4 d5 3. Nc3 dxe4 4. Nxe4 Nf6 5. Ng5 Bf5 6. Bc4 e6 7. Ne2 Be7 8. Ng3
Bg6 9. Be3 b5 10. Bb3 O-O 11. c3 Nd5 12. Bxd5 cxd5 13. Nf3 Nc6 14. Qd2 b4 15. h4
bxc3 16. bxc3 h6 17. h5 Bh7 18. Ne2 Na5 19. Qc1 Nc4 20. g4 Rc8 21. Kf1 Nxe3+ 22.
Qxe3 Be4 23. Ng3 Bxf3 24. Qxf3 Bg5 25. Kg2 Qc7 26. Ne2 Qc4 27. Rhe1 Rc7 28. Qh3
Rfc8 29. f4 Be7 30. Qe3 Qa4 31. Red1 Ba3 32. Rd2 Qb5 0-1

[Event "Women's Speed Chess Q3"]
[Site "chess.com INT"]
[Date "2021.05.30"]
[Round "20"]
[White "Purtseladze, Maka"]
[Black "Gevorgyan, Maria"]
[Result "0-1"]
[WhiteTitle "IM"]
[BlackTitle "WGM"]
[WhiteElo "2274"]
[BlackElo "2219"]
[WhiteFideId "13602659"]
[BlackFideId "13300270"]
[EventDate "2021.05.30"]

1. b3 Nf6 2. Bb2 g6 3. c4 Bg7 4. e4 d6 5. d3 O-O 6. Ne2 c6 7. g3 d5 8. Bg2 dxe4
9. dxe4 Qxd1+ 10. Kxd1 Na6 11. Bc3 Rd8+ 12. Kc2 Ng4 13. Bxg7 Kxg7 14. Rf1 Nb4+
15. Kc3 a5 16. h3 Rd3+ 17. Kb2 Nf6 18. a3 Na6 19. Kc2 Rd8 20. Nbc3 Be6 21. Rad1
Nc5 22. f4 Rxd1 23. Rxd1 b5 24. e5 Ne8 25. cxb5 Bxb3+ 26. Kd2 Rd8+ 27. Ke1 Bxd1
28. Nxd1 cxb5 29. Nec3 b4 30. axb4 axb4 31. Nd5 b3 32. Nxe7 Nd3+ 33. Kd2 Nf2+
34. Bd5 Nxd1 35. Kxd1 Nc7 36. Kc1 Nxd5 37. Nxd5 Rxd5 0-1

[Event "Women's Speed Chess Q3"]
[Site "chess.com INT"]
[Date "2021.05.30"]
[Round "20"]
[White "Samaganova, Alexandra"]
[Black "Kulkarni, Bhakti"]
[Result "0-1"]
[WhiteTitle "WFM"]
[BlackTitle "IM"]
[WhiteElo "1993"]
[BlackElo "2391"]
[WhiteFideId "13800221"]
[BlackFideId "5019516"]
[EventDate "2021.05.30"]

1. c4 f5 2. Nc3 Nf6 3. g3 g6 4. Bg2 Bg7 5. e3 O-O 6. Nge2 e6 7. O-O d5 8. b3 c5
9. d4 dxc4 10. bxc4 Nc6 11. d5 exd5 12. Nxd5 Nxd5 13. Bxd5+ Kh8 14. Rb1 Qc7 15.
Bb2 Nb4 16. Bg2 Be6 17. a3 Nc6 18. Bxg7+ Qxg7 19. Qc2 g5 20. Rfd1 Rad8 21. Rxd8
Rxd8 22. Nc3 Bxc4 23. Rc1 Bd3 24. Qb3 c4 25. Qb5 f4 26. exf4 gxf4 27. Bxc6 bxc6
28. Qxc6 fxg3 29. hxg3 Rf8 30. Nb5 Qb2 31. Re1 Qxf2+ 32. Kh1 Qxe1+ 33. Kh2 Qf2+
34. Kh3 Bf5+ 35. Kh4 Qh2+ 36. Kg5 Qxg3+ 37. Kh6 Qh4# 0-1

[Event "Women's Speed Chess Q3"]
[Site "chess.com INT"]
[Date "2021.05.30"]
[Round "20"]
[White "Dordzhieva, Dinara"]
[Black "Li, Xueyi"]
[Result "1-0"]
[WhiteTitle "WGM"]
[BlackTitle "WGM"]
[WhiteElo "2334"]
[BlackElo "2328"]
[WhiteFideId "24157570"]
[BlackFideId "8605912"]
[EventDate "2021.05.30"]

1. Nf3 d5 2. c4 c6 3. g3 Nf6 4. Bg2 g6 5. b3 Bg7 6. Bb2 O-O 7. O-O a5 8. Nc3
dxc4 9. bxc4 Ne4 10. Qc1 Nxc3 11. Bxc3 Nd7 12. Bxg7 Kxg7 13. Qc3+ f6 14. d4 Nb6
15. e4 Bg4 16. Nd2 a4 17. Rfe1 c5 18. d5 a3 19. e5 Ra4 20. exf6+ exf6 21. h3 Bf5
22. g4 Bd7 23. Rab1 Ra6 24. Ne4 Na4 25. Qxa3 f5 26. gxf5 Bxf5 27. Ng3 Bxb1 28.
Rxb1 Ra7 29. Qe3 Qf6 30. Ne4 Qd4 31. Qg3 Kh8 32. Ng5 Rf5 33. Ne6 Qd3 34. Qxd3 1-0

[Event "Women's Speed Chess Q3"]
[Site "chess.com INT"]
[Date "2021.05.30"]
[Round "20"]
[White "Ziegenfuss, Antonia"]
[Black "Nguyen, Thi Thanh An"]
[Result "1-0"]
[WhiteTitle "WFM"]
[BlackTitle "WGM"]
[WhiteElo "2157"]
[BlackElo "2259"]
[WhiteFideId "12962554"]
[BlackFideId "12400300"]
[EventDate "2021.05.30"]

1. d4 Nf6 2. c4 g6 3. Nc3 Bg7 4. e4 d6 5. Be2 O-O 6. Be3 Nc6 7. g4 e5 8. d5 Nd4
9. g5 Nd7 10. h4 f5 11. gxf6 Nxf6 12. h5 gxh5 13. Qd2 Bg4 14. O-O-O Nxe2+ 15.
Ngxe2 a6 16. Rdg1 Rf7 17. Ng3 b5 18. Nf5 Kh8 19. Bh6 Bxh6 20. Qxh6 Qf8 21. Qe3
bxc4 22. f3 Bxf5 23. exf5 Rb8 24. Rg5 Qc8 25. Rhg1 Qb7 26. Qf2 Nxd5 27. Nxd5
Qxd5 28. Qg2 Rff8 29. Rg7 1-0

[Event "Women's Speed Chess Q3"]
[Site "chess.com INT"]
[Date "2021.05.30"]
[Round "20"]
[White "Mkrtchian, Lilit"]
[Black "Bivol, Alina"]
[Result "0-1"]
[WhiteTitle "IM"]
[BlackTitle "WGM"]
[WhiteElo "2388"]
[BlackElo "2385"]
[WhiteFideId "13300601"]
[BlackFideId "4100123"]
[EventDate "2021.05.30"]

1. e4 e6 2. d4 d5 3. Nc3 Nf6 4. e5 Nfd7 5. f4 c5 6. Nf3 Nc6 7. Be3 a6 8. Qd2 b5
9. Nd1 cxd4 10. Nxd4 Nxd4 11. Bxd4 Bc5 12. c3 Qb6 13. Be2 Bb7 14. O-O b4 15. Nf2
a5 16. Kh1 Ba6 17. Bxa6 Rxa6 18. Rad1 Ra8 19. f5 exf5 20. Qg5 Bxd4 21. Rxd4 Qg6
22. Qxg6 hxg6 23. Rxd5 bxc3 24. bxc3 Rc8 25. Rxa5 O-O 26. Rc1 Rc4 27. Nd3 Rfc8
28. Ra7 Nb6 29. Kg1 Nd5 30. Rd7 Nxc3 31. Rc2 Ne4 32. Rxc4 Rxc4 33. Kf1 Rc2 34.
a4 Ra2 35. Rd8+ Kh7 36. Rd7 Ra3 37. Ke2 Rxa4 38. Rxf7 Ra2+ 39. Kf3 Ng5+ 40. Ke3
Nxf7 41. e6 Nd6 42. e7 Ne8 43. Kd4 Ra7 0-1

[Event "Women's Speed Chess Q3"]
[Site "chess.com INT"]
[Date "2021.05.30"]
[Round "20"]
[White "Socko, Monika"]
[Black "Narva, Mai"]
[Result "0-1"]
[WhiteTitle "GM"]
[BlackTitle "WIM"]
[WhiteElo "2421"]
[BlackElo "2276"]
[WhiteFideId "1106619"]
[BlackFideId "4500512"]
[EventDate "2021.05.30"]

1. g3 Nf6 2. Bg2 g6 3. e4 Bg7 4. Ne2 d6 5. O-O O-O 6. d4 c5 7. d5 Nbd7 8. c4 a6
9. Nbc3 Rb8 10. a4 b6 11. h3 Re8 12. Qc2 e6 13. Bf4 exd5 14. Bxd6 d4 15. Bxb8
Nxb8 16. Nd5 Nc6 17. Rad1 Nxd5 18. cxd5 Nb4 19. Qd2 a5 20. Kh2 d3 21. Nf4 c4 22.
Rfe1 Bd7 23. e5 Bxe5 24. Re4 Bxf4 25. Qxf4 Rxe4 26. Qxe4 Bxa4 27. Re1 d2 28. Rf1
d1=Q 29. Rxd1 Bxd1 30. Qxc4 Qd6 31. Qc8+ Kg7 32. Qc3+ Qf6 33. d6 Ba4 34. Qd2 Bd7
35. g4 Nc6 36. f4 Qd4 37. Qxd4+ Nxd4 38. Kg3 Nb5 39. f5 gxf5 40. Kf4 fxg4 41.
hxg4 Nxd6 42. g5 Nc4 43. b3 Nd2 44. Bd5 Be6 45. Bc6 Nxb3 46. Ke3 Nc5 47. Kd4 a4
48. Kc3 a3 49. Bb5 a2 50. Kb2 Ne4 51. Bd3 Nxg5 52. Ka1 h5 53. Bf1 h4 54. Bg2 h3
55. Bh1 Kf6 56. Kb2 Ke5 57. Ka1 Bd5 58. Kb2 Bxh1 0-1

[Event "Women's Speed Chess Q3"]
[Site "chess.com INT"]
[Date "2021.05.30"]
[Round "20"]
[White "Ulziikhishigjargal, Ochirkhuyag"]
[Black "Komiagina, Maria"]
[Result "1-0"]
[WhiteTitle "FM"]
[BlackTitle "WIM"]
[WhiteElo "2020"]
[BlackElo "2241"]
[WhiteFideId "4903188"]
[BlackFideId "4153987"]
[EventDate "2021.05.30"]

1. Nf3 g6 2. d4 Bg7 3. Nc3 d6 4. Bg5 h6 5. Bf4 Nd7 6. Qd2 e5 7. dxe5 dxe5 8. Be3
c6 9. O-O-O Qe7 10. Ne4 Bf8 11. g4 Ngf6 12. Nc5 Nd5 13. Nxd7 Bxd7 14. Kb1 Bg7
15. g5 Nxe3 16. Qxe3 Bf5 17. h4 h5 18. Bh3 Bxh3 19. Rxh3 O-O 20. Rhh1 Rfd8 21.
Nd2 b5 22. Ne4 Rd5 23. Nc3 Rdd8 24. Rd3 Rxd3 25. cxd3 a6 26. Rc1 Rd8 27. Ne4 Qe6
28. Qb6 Rc8 29. Qxa6 Kh7 30. Nc5 Qe8 31. Ne4 Qe6 32. Qa5 Rb8 33. Qc3 Rb6 34. Qc5
Ra6 35. a3 b4 36. Qxb4 1-0

[Event "Women's Speed Chess Q3"]
[Site "chess.com INT"]
[Date "2021.05.30"]
[Round "20"]
[White "Vargas, Gabriela"]
[Black "Zuriel, Marisa"]
[Result "0-1"]
[WhiteTitle "WIM"]
[BlackTitle "WIM"]
[WhiteElo "2170"]
[BlackElo "2203"]
[WhiteFideId "3700860"]
[BlackFideId "109142"]
[EventDate "2021.05.30"]

1. d4 e6 2. Nf3 c5 3. c3 Nf6 4. Bg5 d6 5. e3 Be7 6. Nbd2 h6 7. Bh4 b6 8. Bd3 Bb7
9. Qe2 Nbd7 10. O-O Qc7 11. Bg3 g5 12. h3 h5 13. e4 g4 14. hxg4 hxg4 15. Nh2 Nh5
16. Qxg4 Nxg3 17. Qxg3 O-O-O 18. dxc5 Nxc5 19. Bc2 Rdg8 20. Qe3 d5 21. e5 d4 22.
Qf3 Bxf3 23. Ndxf3 dxc3 24. bxc3 f6 25. Rfe1 fxe5 26. Nxe5 Bd6 27. Nhf3 Bxe5 28.
Nxe5 Nd7 29. Nxd7 Qxd7 30. Rad1 Qc6 31. Be4 Qc7 32. g3 Rd8 33. Bg2 Rxd1 34. Rxd1
Qxc3 35. Rf1 Rf8 36. Rd1 Qc2 37. Rf1 Qxa2 38. Bh3 Kd7 39. Rd1+ Ke7 40. Rf1 Rf6
41. Bg2 a5 42. Kh2 Rxf2 43. Rg1 a4 44. Kh3 Rxg2 45. g4 Rxg1 46. Kh4 Qg2 47. Kg5
Qxg4+ 48. Kh6 Rh1# 0-1

[Event "Women's Speed Chess Q3"]
[Site "chess.com INT"]
[Date "2021.05.30"]
[Round "20"]
[White "Tarasova, Viktoriya"]
[Black "Novikova, Anna"]
[Result "0-1"]
[WhiteTitle "WIM"]
[BlackTitle "WIM"]
[WhiteElo "2226"]
[BlackElo "2247"]
[WhiteFideId "4175840"]
[BlackFideId "4146794"]
[EventDate "2021.05.30"]

1. d4 d5 2. c4 e6 3. Nf3 c6 4. Nc3 Nf6 5. e3 Nbd7 6. Bd3 Bd6 7. O-O O-O 8. e4
dxe4 9. Nxe4 Nxe4 10. Bxe4 h6 11. Re1 e5 12. d5 cxd5 13. cxd5 f5 14. Bc2 e4 15.
Nd4 Ne5 16. h3 Qh4 17. Ne6 Rf6 18. Bf4 Nf3+ 19. gxf3 Bxf4 20. Nxf4 Qxf4 21. fxe4
Rg6+ 22. Kf1 fxe4 23. Re3 Qh2 24. Ke2 Bxh3 25. Qh1 Bg4+ 26. Kd2 Qxf2+ 27. Kc1
Qxe3+ 28. Kb1 Bf3 29. Qc1 Qxc1+ 30. Kxc1 Rg1+ 31. Kd2 Rxa1 32. Ke3 Rd8 33. d6
Rxa2 34. Bb3+ Kh7 35. Bxa2 Rxd6 36. Bb1 Rb6 37. Bxe4+ Bxe4 38. Kxe4 Rxb2 39. Ke5
a5 40. Ke6 a4 41. Ke7 a3 42. Ke8 Rd2 43. Kf8 a2 44. Kf7 a1=Q 45. Kf8 Qf1+ 46.
Ke8 Qe1+ 47. Kf8 Rf2# 0-1

[Event "Women's Speed Chess Q3"]
[Site "chess.com INT"]
[Date "2021.05.30"]
[Round "20"]
[White "Balabayeva, Xeniya"]
[Black "Cori T., Deysi"]
[Result "1-0"]
[WhiteTitle "WFM"]
[BlackTitle "WGM"]
[WhiteElo "2178"]
[BlackElo "2388"]
[WhiteFideId "13719688"]
[BlackFideId "3801934"]
[EventDate "2021.05.30"]

1. e4 e6 2. d4 d5 3. Nd2 Be7 4. Ngf3 b6 5. e5 Ba6 6. Bxa6 Nxa6 7. c3 Qd7 8. O-O
c5 9. Re1 Rc8 10. Nf1 cxd4 11. Nxd4 Nb4 12. cxb4 Bxb4 13. Bd2 Bc5 14. Bc3 Ne7
15. Ng3 b5 16. a3 g6 17. Qd3 h5 18. h3 a6 19. Rad1 h4 20. Nge2 Rh5 21. Nf4 Rg5
22. Qf3 Bxd4 23. Rxd4 Nf5 24. Rdd1 Rc4 25. b3 Rc6 26. Ne2 Qc8 27. Bd2 Rh5 28.
Qg4 Rc2 29. Bb4 a5 30. Bxa5 Qc5 31. Bb4 Qa7 32. Rc1 Ra2 33. Qf3 Rg5 34. Ra1 Rc2
35. Rec1 Rxc1+ 36. Rxc1 Kd8 37. Qf4 Rh5 38. Qg4 Kd7 39. Nf4 Rh6 40. Nd3 1-0

[Event "Women's Speed Chess Q3"]
[Site "chess.com INT"]
[Date "2021.05.30"]
[Round "20"]
[White "Zaksaite, Salomeja"]
[Black "Dauletova, Gulmira"]
[Result "1-0"]
[WhiteTitle "WIM"]
[BlackTitle "WGM"]
[WhiteElo "2202"]
[BlackElo "2285"]
[WhiteFideId "12801496"]
[BlackFideId "13702971"]
[EventDate "2021.05.30"]

1. e4 e5 2. Nf3 Nc6 3. Bc4 Bc5 4. d3 Nf6 5. c3 d6 6. h3 h6 7. Nbd2 a5 8. Nf1 O-O
9. Qe2 Be6 10. Bb3 a4 11. Bc2 b5 12. g4 b4 13. Ng3 a3 14. Nf5 axb2 15. Bxb2 bxc3
16. Bxc3 Bb4 17. Bxb4 Nxb4 18. g5 Nxc2+ 19. Qxc2 hxg5 20. Nxg5 Bxf5 21. exf5 d5
22. Rg1 Qd6 23. Kf1 c5 24. Rc1 Rfc8 25. h4 c4 26. Nf3 cxd3 27. Qxc8+ Rxc8 28.
Rxc8+ Qf8 29. Rxf8+ Kxf8 30. Nxe5 d2 31. Ke2 Ne4 32. Rd1 Nc3+ 33. Kxd2 Nxd1 34.
Kxd1 f6 35. Ng6+ Ke8 36. a4 Kd7 37. a5 Kc6 38. a6 Kb6 39. Ne7 d4 40. Nd5+ Kxa6
41. Nxf6 gxf6 42. h5 1-0

[Event "Women's Speed Chess Q3"]
[Site "chess.com INT"]
[Date "2021.05.30"]
[Round "20"]
[White "Makhija, Aashna"]
[Black "Szente Varga, Fruzsina"]
[Result "1-0"]
[WhiteTitle "WIM"]
[BlackTitle "WFM"]
[WhiteElo "1969"]
[BlackElo "2100"]
[WhiteFideId "25011944"]
[BlackFideId "712264"]
[EventDate "2021.05.30"]

1. e4 Nf6 2. e5 Nd5 3. d4 d6 4. c4 Nb6 5. exd6 exd6 6. Nc3 Be7 7. h3 O-O 8. Bd3
Nc6 9. Nf3 Bf6 10. O-O g6 11. Be3 Bg7 12. Qd2 Ne7 13. Bg5 h6 14. Bxh6 Bf5 15.
Bxg7 Kxg7 16. Rfe1 Bxd3 17. Qxd3 Nf5 18. b3 Qf6 19. Ne4 Qd8 20. d5 Nd7 21. Qc3+
Kg8 22. g3 Re8 23. Kg2 Ne5 24. Nxe5 Rxe5 25. f4 Re7 26. Nf6+ Kf8 27. Rxe7 Qxe7
28. Re1 Ne3+ 29. Rxe3 Qxe3 30. Qxe3 Kg7 31. Qd4 Kh6 32. g4 Rd8 33. g5+ Kg7 34.
Nh5+ Kf8 35. Qg7+ Ke7 36. Nf6 Rf8 37. Nh7 Re8 38. Qf6+ Kd7 39. Qxf7+ Kd8 40. Nf6
Re2+ 41. Kf3 Re7 42. Qf8+ 1-0

[Event "Women's Speed Chess Q3"]
[Site "chess.com INT"]
[Date "2021.05.30"]
[Round "20"]
[White "Kiolbasa, Oliwia"]
[Black "Pham, Le Thao Nguyen"]
[Result "0-1"]
[WhiteTitle "WIM"]
[BlackTitle "IM"]
[WhiteElo "2255"]
[BlackElo "2369"]
[WhiteFideId "1154613"]
[BlackFideId "12401226"]
[EventDate "2021.05.30"]

1. e4 c6 2. d4 d5 3. Nd2 dxe4 4. Nxe4 Nf6 5. Nxf6+ exf6 6. c3 Bd6 7. Bd3 Qe7+ 8.
Ne2 Bg4 9. O-O O-O 10. Qc2 Bxe2 11. Bxe2 Re8 12. Bd3 h6 13. Be3 Qc7 14. h3 Nd7
15. Rfe1 Nf8 16. Rad1 Ne6 17. Bf5 Ng5 18. c4 Bf4 19. Qd3 Rad8 20. Re2 Ne6 21.
Bxe6 Rxe6 22. Bxf4 Qxf4 23. Rxe6 fxe6 24. Kf1 Kf7 25. Qe3 Qxe3 26. fxe3 Ke7 27.
Ke2 f5 28. b4 a6 29. Kf3 g5 30. Ke2 Kf6 31. a4 Rd7 32. Rb1 e5 33. Kd3 f4 34.
exf4 Rxd4+ 35. Kc3 gxf4 36. b5 axb5 37. axb5 c5 38. Ra1 e4 39. Ra7 f3 40. gxf3
exf3 41. Rxb7 f2 42. Rb8 Rf4 43. Rf8+ Kg5 44. Rg8+ Kh4 45. b6 f1=Q 46. b7 Qxc4+ 0-1

[Event "Women's Speed Chess Q3"]
[Site "chess.com INT"]
[Date "2021.05.30"]
[Round "20"]
[White "Nguyen, Thi Mai Hung"]
[Black "Shuvalova, Polina"]
[Result "0-1"]
[WhiteTitle "WGM"]
[BlackTitle "IM"]
[WhiteElo "2254"]
[BlackElo "2484"]
[WhiteFideId "12401676"]
[BlackFideId "24171760"]
[EventDate "2021.05.30"]

1. d4 Nf6 2. Nf3 e6 3. Bf4 c5 4. e3 Be7 5. c3 b6 6. Bd3 Bb7 7. O-O O-O 8. Nbd2
cxd4 9. exd4 d6 10. Qe2 Nh5 11. Be3 g6 12. Nc4 Nd7 13. Rfe1 Rc8 14. Rad1 b5 15.
Na3 a6 16. Nc2 Re8 17. a4 bxa4 18. Bxa6 Qb6 19. Bxb7 Qxb7 20. Rb1 d5 21. Ne5
Nhf6 22. f3 Nxe5 23. dxe5 Nd7 24. Bd4 Bc5 25. Kh1 Rb8 26. Bxc5 Nxc5 27. Nb4 Rec8
28. Ra1 Qd7 29. Ra2 Ra8 30. Rd1 Kg7 31. Qe3 Na6 32. Nd3 Qe7 33. f4 Nc5 34. Nxc5
Rxc5 35. g3 Rb5 36. Rd4 Qb7 37. Rdxa4 d4+ 38. Kg1 dxe3 39. Rxa8 Qf3 40. b4 e2
41. Ra1 Qe3+ 42. Kg2 e1=Q 43. Rxe1 Qxe1 44. Ra6 Qxc3 0-1

[Event "Women's Speed Chess Q3"]
[Site "chess.com INT"]
[Date "2021.05.30"]
[Round "20"]
[White "Osmak, Iulija"]
[Black "Cyfka, Karina"]
[Result "1-0"]
[WhiteTitle "IM"]
[BlackTitle "IM"]
[WhiteElo "2425"]
[BlackElo "2415"]
[WhiteFideId "14101602"]
[BlackFideId "1122681"]
[EventDate "2021.05.30"]

1. b4 e5 2. Bb2 d6 3. e3 a5 4. b5 Nd7 5. a4 f5 6. Nf3 Ngf6 7. d4 e4 8. Nfd2 g6
9. c4 Bg7 10. Be2 O-O 11. Nc3 h6 12. g3 Nb6 13. Qb3 Kh7 14. h4 h5 15. c5 Nbd7
16. cxd6 cxd6 17. Ba3 Nb6 18. Rc1 Qe7 19. Qd1 Be6 20. Kf1 Bh6 21. Kg2 Ng4 22.
Bxg4 hxg4 23. Ne2 Rac8 24. Rxc8 Rxc8 25. Bb2 Bd5 26. Nf4 Bxf4 27. gxf4 Kg7 28.
h5 Rh8 29. hxg6 Rh4 30. Rxh4 Qxh4 31. Qh1 Qxh1+ 32. Kxh1 Nxa4 33. Ba3 Nc3 34. b6
Nb5 35. Bb2 a4 36. Nb1 Kxg6 37. Na3 Nxa3 38. Bxa3 Kf6 39. Bxd6 Ke6 40. Bc5 Kd7
41. Kh2 Kc6 42. Kg3 Kb5 43. Kh4 Kc4 44. Kg5 Be6 45. Kf6 Bc8 46. Ke7 Kd5 47. Kd8
Be6 48. Kc7 Kc4 49. Kxb7 Kb3 50. Kc7 Bd5 51. b7 Bxb7 52. Kxb7 a3 53. Bxa3 Kxa3
54. d5 Kb3 55. d6 Kc3 56. d7 Kd3 57. d8=Q+ Ke2 58. Qd5 Kxf2 59. Qxf5 g3 60. Qxe4
g2 61. Qxg2+ 1-0

[Event "Women's Speed Chess Q3"]
[Site "chess.com INT"]
[Date "2021.05.30"]
[Round "20"]
[White "Narva, Regina"]
[Black "Antonova, Nadezhda"]
[Result "0-1"]
[WhiteTitle "WFM"]
[BlackTitle "WFM"]
[WhiteElo "1901"]
[BlackElo "1877"]
[WhiteFideId "4500237"]
[BlackFideId "14700182"]
[EventDate "2021.05.30"]

1. e4 c5 2. Nc3 d6 3. Nf3 Nc6 4. g3 g6 5. d4 cxd4 6. Nxd4 Bg7 7. Nde2 Nf6 8. Bg2
O-O 9. O-O a6 10. h3 Rb8 11. g4 b5 12. a3 Bb7 13. Ng3 Nd7 14. f4 Qb6+ 15. Kh2 a5
16. f5 b4 17. Nd5 Qd8 18. fxg6 hxg6 19. Qf3 Nde5 20. Qf2 Bc8 21. Bg5 Bxg4 22.
hxg4 Nxg4+ 23. Kh3 Nxf2+ 24. Rxf2 f6 25. Be3 Qd7+ 26. Kh2 Ne5 27. Bh3 Ng4+ 28.
Kg2 Nxe3+ 29. Nxe3 e6 30. Rd1 Rfe8 31. axb4 Rxb4 32. b3 f5 33. Nc4 Rxc4 34. bxc4
Qc6 35. Kh2 Qxc4 36. Rxd6 Be5 37. Rd7 Qc6 38. Rdd2 Qc7 39. Rg2 Kg7 40. exf5 exf5
41. Rd3 Kf6 42. Kh1 Rh8 43. Rh2 Bxg3 44. Kg2 Bxh2 0-1

[Event "Women's Speed Chess Q3"]
[Site "chess.com INT"]
[Date "2021.05.30"]
[Round "20"]
[White "Sikorova, Olga"]
[Black "Kiran, Manisha Mohanty"]
[Result "0-1"]
[WhiteTitle "WGM"]
[BlackTitle "WGM"]
[WhiteElo "2215"]
[BlackElo "2168"]
[WhiteFideId "307033"]
[BlackFideId "5019575"]
[EventDate "2021.05.30"]

1. c4 c5 2. g3 Nc6 3. Bg2 g6 4. Nc3 Bg7 5. a3 a5 6. Nf3 d6 7. O-O e5 8. Ne1 Nge7
9. Nc2 O-O 10. Rb1 a4 11. b4 axb3 12. Rxb3 f5 13. Ne3 f4 14. Ned5 g5 15. Nxe7+
Nxe7 16. Bxb7 Bxb7 17. Rxb7 Nf5 18. Nd5 h6 19. Qc2 Nd4 20. Qg6 Nf5 21. gxf4 gxf4
22. Kh1 Rb8 23. Rc7 Qg5 24. Qxg5 hxg5 25. f3 Nd4 26. Rg1 Rb1 27. Nc3 Ra1 28. Bb2
Rxg1+ 29. Kxg1 Rb8 30. Nb5 Nxb5 31. cxb5 Rxb5 32. Bc3 Rb1+ 33. Kg2 d5 34. Rxc5
d4 35. Bb4 Kh7 36. Rc7 Kg6 37. Rc6+ Kf5 38. Rc7 Bf6 39. Be7 Bxe7 40. Rxe7 Rb2
41. Kf1 Rxd2 42. Ra7 Ra2 43. a4 g4 44. fxg4+ Kxg4 45. a5 Kf5 46. a6 Ke4 47. h4
f3 48. exf3+ Kxf3 49. Rf7+ Ke3 50. a7 e4 51. h5 d3 52. Rd7 d2 53. h6 Rxa7 0-1

[Event "Women's Speed Chess Q3"]
[Site "chess.com INT"]
[Date "2021.05.30"]
[Round "20"]
[White "Eswaran, Ashritha"]
[Black "Linares Napoles, Oleiny"]
[Result "1-0"]
[WhiteTitle "WIM"]
[BlackTitle "WGM"]
[WhiteElo "2244"]
[BlackElo "2255"]
[WhiteFideId "2080788"]
[BlackFideId "3504794"]
[EventDate "2021.05.30"]

1. e4 d6 2. d4 g6 3. Nc3 Bg7 4. Nf3 Nf6 5. Be2 O-O 6. O-O Bg4 7. h3 Bxf3 8. Bxf3
Nc6 9. Bg5 h6 10. Be3 e5 11. d5 Ne7 12. Qd2 Kh7 13. a4 Nd7 14. a5 a6 15. Be2 f5
16. f3 f4 17. Bf2 Bf6 18. Na4 Ng8 19. c3 Bh4 20. Bxh4 Qxh4 21. c4 Ngf6 22. Qb4
Rab8 23. c5 Ne8 24. Qc3 Ndf6 25. c6 bxc6 26. Qxc6 Nh5 27. Bxa6 Ng3 28. Rfe1 h5
29. Bb7 Ng7 30. a6 g5 31. a7 Rbd8 32. Nb6 cxb6 33. a8=Q Rxa8 34. Rxa8 Rxa8 35.
Bxa8 g4 36. Qc2 gxh3 37. gxh3 Qxh3 38. Qh2 Qc8 39. Bc6 Qa6 40. Rc1 Qd3 41. Re1
Kg6 42. Bd7 h4 43. Bg4 Qd4+ 44. Kg2 Qxb2+ 45. Kh3 1-0

[Event "Women's Speed Chess Q3"]
[Site "chess.com INT"]
[Date "2021.05.30"]
[Round "20"]
[White "Morris-Suzuki, Sophie"]
[Black "Varshini, V"]
[Result "0-1"]
[WhiteTitle "WFM"]
[BlackTitle "WGM"]
[WhiteElo "2043"]
[BlackElo "2226"]
[WhiteFideId "30922615"]
[BlackFideId "5091241"]
[EventDate "2021.05.30"]

1. e4 c5 2. Nc3 e6 3. Nge2 Nc6 4. d4 cxd4 5. Nxd4 a6 6. Be3 d6 7. f4 Qc7 8. Qf3
Be7 9. O-O-O Nf6 10. g4 b5 11. g5 Nd7 12. Kb1 Bb7 13. h4 Rc8 14. h5 b4 15. Nce2
Nxd4 16. Nxd4 e5 17. Bd3 exd4 18. Bxd4 O-O 19. g6 Bf6 20. gxh7+ Kxh7 21. e5+ Kh8
22. exf6 Bxf3 23. fxg7+ Kg8 24. h6 f6 25. Rdg1 Bxh1 26. h7+ Kf7 27. Bf5 Bd5 28.
Rg6 Rh8 29. b3 Rxh7 30. Bxd7 Qxd7 31. Rxf6+ Kxg7 32. Rxd6+ Kg8 33. Rg6+ Rg7 34.
Rxg7+ Qxg7 35. Bxg7 Kxg7 36. Kb2 Kf6 37. c4 Kf5 38. Kc2 Bxc4 39. bxc4 Rxc4+ 40.
Kb3 Rc3+ 41. Kxb4 Rc2 42. a4 Ra2 43. Ka5 Kxf4 44. Kxa6 Rxa4+ 45. Kb5 Re4 46. Kc5
Ke5 47. Kc6 Rd4 48. Kc5 Ke4 49. Kc6 Rd5 50. Kb6 Kd4 51. Kc6 Kc4 52. Kb6 Rc5 53.
Kb7 Kb5 54. Kb8 Kb6 55. Ka8 Rc8# 0-1

[Event "Women's Speed Chess Q3"]
[Site "chess.com INT"]
[Date "2021.05.30"]
[Round "20"]
[White "Eswaran, Aksithi"]
[Black "Von Herman, Brigitte"]
[Result "0-1"]
[WhiteTitle "WCM"]
[BlackTitle "WFM"]
[WhiteElo "1745"]
[BlackElo "1991"]
[WhiteFideId "2083485"]
[BlackFideId "4628730"]
[EventDate "2021.05.30"]

1. e4 e5 2. Nf3 Nc6 3. Bc4 Nf6 4. d3 Bc5 5. O-O d6 6. c3 a6 7. Bb3 Ba7 8. Be3 h6
9. h3 g5 10. Nbd2 g4 11. hxg4 Bxg4 12. Qc2 Nh5 13. Nh2 Bd7 14. Ndf3 Qf6 15. Qd2
O-O-O 16. d4 Rdg8 17. d5 Bxe3 18. Qxe3 Nb8 19. c4 Nf4 20. g3 h5 21. Kh1 Nh3 22.
c5 h4 23. Nxh4 dxc5 24. Ng2 Ng5 25. d6 cxd6 26. Nh4 Rh5 27. Rfd1 Rgh8 28. Rd5
Nc6 29. Rad1 Nd4 30. Kg1 Qh6 31. Ba4 Bxa4 32. b3 Bd7 33. Rc1 Rxh4 34. gxh4 Qxh4
35. Qg3 Qxe4 36. Rxd6 Rxh2 37. Qxh2 Ngf3+ 38. Kh1 Nxh2+ 39. Kxh2 b6 40. Kg1 Qg4+
41. Kf1 Nf3 42. Rxb6 Qg1+ 43. Ke2 Qxc1 44. Kxf3 Qf4+ 45. Ke2 Kc7 46. Rxa6 Bb5+
47. Kd1 Bxa6 48. Kc2 Qxf2+ 49. Kc3 Qxa2 0-1

[Event "Women's Speed Chess Q3"]
[Site "chess.com INT"]
[Date "2021.05.30"]
[Round "20"]
[White "Starosta, Martyna"]
[Black "Doluhanova, Evgeniya"]
[Result "1-0"]
[WhiteTitle "WCM"]
[BlackTitle "WGM"]
[WhiteElo "1910"]
[BlackElo "2207"]
[WhiteFideId "21818754"]
[BlackFideId "14112035"]
[EventDate "2021.05.30"]

1. e4 e5 2. Nf3 Nc6 3. Bb5 Nf6 4. O-O Nxe4 5. Re1 Nd6 6. Bf1 Be7 7. Nxe5 Nxe5 8.
Rxe5 O-O 9. d4 Ne8 10. Re1 d5 11. Be3 Bd6 12. c4 c6 13. Nc3 Nf6 14. cxd5 Nxd5
15. Nxd5 cxd5 16. g3 Bf5 17. Bg2 Be4 18. Rc1 Rc8 19. Qb3 Qb6 20. Bxe4 dxe4 21.
Qd5 Bb4 22. Red1 Qa5 23. Qxe4 Rxc1 24. Rxc1 Qxa2 25. Qxb7 Qxb2 26. Qxa7 Ba3 27.
Re1 h6 28. d5 Bb4 29. Rf1 Qe5 30. Qb7 Rd8 31. Qxb4 Qxd5 32. Qb6 Re8 33. Rc1 Kh7
34. Qb1+ f5 35. Rc7 Re4 36. Qb7 Qg8 37. Qc6 Re6 38. Qd7 Rf6 39. Bd4 Rg6 40. Kh1
Qf8 41. Qe7 f4 42. Qxf8 fxg3 43. Rc8 Rg5 44. Qh8+ Kg6 45. Qxg7+ Kh5 46. Qf7+ Kh4
47. fxg3+ Kh3 48. Qf1+ Kg4 49. Qf4+ Kh3 50. Qh4# 1-0